Marvel Ultimate Alliance 3 Playable Characters - Statistics

General Stats
  • This quiz has been taken 226 times
  • The average score is 39 of 50
Answer Stats
Answer % Correct
Hulk
97%
Iron Man
97%
Thor
94%
Captain America
93%
Wolverine
93%
Spider-Man
92%
Miles Morales (Spider-Man)
91%
Captain Marvel
89%
Star-Lord
88%
Human Torch
87%
Rocket & Groot
87%
Gamora
86%
Black Panther
85%
Mr. Fantastic
85%
Daredevil
84%
Doctor Strange
84%
Invisible Woman
84%
The Thing
84%
Deadpool
83%
Black Widow
82%
Drax
82%
Hawkeye
82%
Iron Fist
82%
Cyclops
81%
Luke Cage
80%
Colossus
78%
Magneto
78%
Wasp
78%
Phoenix
76%
Scarlet Witch
76%
Venom
76%
Storm
74%
Thanos
74%
Iceman
73%
Falcon
72%
Nightcrawler
72%
Elektra
70%
Loki
70%
Ms. Marvel
70%
Moon Knight
69%
Punisher
69%
Ghost Rider
68%
Blade
66%
Spider-Gwen
64%
Psylocke
61%
Gambit
60%
Cable
53%
Crystal
49%
Elsa Bloodstone
45%
Morbius
45%
No matching quizzes found
Score Distribution
Percent of People with Each Score
Percentile by Number Answered
Your Score History
You have not taken this quiz